000 00911nam a2200217Ia 4500
001 10100
003 GE_BSU
008 181216s||||||||xx |||||||||||||| ||und||
040 _cGE_BSU
080 _a821.353.1–91-1+821.353.1-91-343+94(479.22)"1570-1629
245 _aგიორგიმ ნახა სიზმარი
245 _bლექსები და თქმულებები გიორგი სააკაძეზე
245 _cშემდგ.რედ. და წინასიტყვ. ვახტანგ სიდამონიძე
260 _aთბილისი
260 _bმერანი
260 _c1988
300 _a79გვ.16სმ.
653 _aგიორგიმ ნახა სიზმარი
653 _aლექსები და თქმულებები გიორგი სააკაძეზე
942 _cBK
999 _c43372
_d43372